[Event "Graz Open 2018"]
[Site "Graz"]
[Date "2018.02.23"]
[Round "9"]
[White "Bao, Qilin"]
[Black "Nomin-Erdene, Davaademberel"]
[Result "1/2-1/2"]
[WhiteElo "2426"]
[BlackElo "2365"]
[Annotator "TA"]
[PlyCount "134"]
[EventDate "2018.??.??"]
[EventType "swiss"]
[EventCountry "AUT"]
[SourceTitle "playchess.com"]
[Source "ChessBase"]
[SourceQuality "1"]

{[%evp 14,134,37,29,45,19,30,2,14,10,8,-6,-6,-2,22,41,62,35,30,34,35,11,20,12,13,17,15,-91,37,0,0,-7,31,20,32,24,33,30,26,16,16,-6,-10,-11,-12,-18,-18,-25,7,7,12,0,0,0,0,0,27,27,32,22,33,24,25,14,44,35,44,20,88,72,106,34,34,0,116,115,114,116,111,70,75,10,10,10,10,10,10,10,10,0,0,0,0,0,0,0,0,0,0,0,0,0,0,0,0,0,0,0,0,0,0,0,0,0,0,0,0,0,0,0,0,0,0]} 1. d4 d5 2. Bf4 Nf6 3. e3 {[%cal Be2e3,Be3e4][%mdl 32]} c5 4. c3 Qb6 5. Qb3 Nc6 6. Nd2 {D00: 1 d4 d5: Unusual lines} c4 7. Qc2 g6 (7... Nh5 8. Bg5 h6 9. Bh4 g5 10. Be2 Ng7 11. Bg3 Bf5 12. Qc1 e6 {1-0 (41) Carlsen,M (2832)-So,W (2812) Leuven 2017}) 8. e4 $1 {LiveBook: 21 Games. White is slightly better.} Qd8 9. Be2 Bg7 10. Ngf3 O-O 11. O-O Nxe4 12. Nxe4 {Threatens to win with Ng3.} Bf5 13. Nfd2 $146 dxe4 14. Nxc4 e3 15. Qd1 exf2+ 16. Rxf2 Be4 17. Bf3 (17. a4 {keeps more tension.} Bd5 18. Ne3 Be4 19. Bc4 e6 20. Qe2) 17... Bxf3 18. Qxf3 Rc8 19. Ne3 e6 20. Re1 {[#]} (20. Rd1 $11) 20... Qd7 (20... g5 $1 $17 21. Bg3 f5) 21. Bg5 {[%cal Bf4g5,Bg5h4,Bh4g3][%mdl 32]} f6 {[%cal Bf7f6,Bf6f5,Bf5f4][%mdl 32]} 22. Bh4 $1 g5 23. Bg3 f5 {White must now prevent ...f4.} 24. d5 f4 25. dxc6 Qxc6 26. Qxc6 Rxc6 27. Ng4 fxg3 28. Rxf8+ Kxf8 29. hxg3 $11 {[%mdl 4096] Endgame KRB-KRN} Rb6 30. Re2 $1 Rd6 31. Nf2 h5 32. Ne4 Rd5 33. g4 hxg4 34. Kf2 Kf7 35. Kg3 Kg6 36. Kxg4 b6 37. Nf2 Rd6 38. Kf3 Kf5 39. g4+ Kg6 40. Re3 e5 (40... b5 $11) 41. Nd3 Rf6+ 42. Kg2 ({Better is} 42. Ke4 $16) 42... Rd6 $14 43. Kf3 ({White should try} 43. Kf1 $14) 43... Rf6+ $1 $16 44. Ke4 Rf1 {[#]} 45. Re1 $1 {[%cal Re1f1]} ({Much weaker is} 45. Nxe5+ $6 Bxe5 46. Kxe5 Rf2 $11) 45... Rf8 46. Rh1 (46. a3 {seems wilder.} Rc8 47. Rg1 Re8 48. Rg2 b5 49. Rf2) 46... Rc8 {Black wants to play ...Rc4+.} 47. Nxe5+ (47. Kf3 $16) 47... Bxe5 $11 {The position is equal.} 48. Kxe5 $16 {KR-KR} Re8+ $1 49. Kd6 Re2 50. b4 Rxa2 51. c4 {And now c5 would win.} Rd2+ 52. Kc6 Rd4 53. Rc1 Rxg4 54. Kb7 {aiming for c5.} Rf4 55. Kxa7 Rf6 56. b5 g4 57. c5 bxc5 58. b6 Kg5 59. b7 Rf7 60. Kb6 Rxb7+ $1 61. Kxb7 $11 {KR-KPP} g3 62. Kc6 Kf4 63. Kxc5 g2 64. Kd4 Kf3 65. Kd3 Kf2 66. Rc2+ Kf3 67. Rxg2 Kxg2 {Precision: White = 38%, Black = 68%.} 1/2-1/2

[Event "Graz Open 2018"]
[Site "Graz"]
[Date "2018.02.23"]
[Round "9"]
[White "Schwabeneder, Florian"]
[Black "Almasi, Istvan"]
[Result "1-0"]
[WhiteElo "2403"]
[BlackElo "2407"]
[Annotator "TA"]
[PlyCount "83"]
[EventDate "2018.??.??"]
[EventType "swiss"]
[EventCountry "AUT"]
[SourceTitle "playchess.com"]
[Source "ChessBase"]
[SourceQuality "1"]

{[%evp 16,83,19,18,16,-38,-39,-30,100,101,104,95,97,116,136,86,173,129,150,145,162,170,168,169,189,177,171,156,194,205,302,263,295,314,301,251,237,231,594,232,336,336,410,417,415,407,441,423,525,517,542,524,604,547,771,768,755,752,741,746,858,858,852,851,850,817,847,790,1107,1097]} 1. e4 g6 2. d4 Bg7 3. Nc3 d6 4. Be3 Nf6 5. h3 O-O 6. g4 c5 7. Nge2 cxd4 8. Nxd4 Nc6 9. Bg2 {LiveBook: 27 Games} h5 {[%cal Rh5g4] B72: Sicilian Dragon: 6 Be3, lines with h3+Bc4 and sidelines} 10. Nxc6 $146 (10. g5 $1 $11 Nd7 11. O-O) ({Predecessor:} 10. gxh5 Nxh5 11. Bf3 Nxd4 12. Bxd4 Nf4 13. Bxg7 Kxg7 14. Qd2 e5 15. h4 Be6 16. O-O-O Rc8 17. Kb1 {½-½ (39) Fedorchuk,S (2656)-Greenfeld,A (2545) Bastia 2013}) 10... bxc6 $15 11. e5 Nxg4 (11... Nd7 $11 {remains equal.}) 12. hxg4 $16 Bxg4 13. Bf3 Bxf3 14. Qxf3 dxe5 15. Rd1 Qa5 (15... Qb8 $16 {was necessary.}) 16. Qe4 ({Don't do} 16. Qxc6 $6 Rfc8 $16) 16... Rab8 17. Qa4 ({Reject} 17. Qxc6 $6 Rxb2 18. O-O Rxc2 $11) 17... Qc7 18. b3 a5 19. a3 f5 20. Qc4+ Kh7 21. Na4 f4 22. Bc5 f3 (22... e4 $142 23. Qxe4 Rf5) 23. Be3 Rbd8 24. Rxd8 Qxd8 25. Nc5 Qd5 26. Ne6 Rc8 $2 (26... Rf5 27. Ng5+ Kg8) 27. Ng5+ $2 (27. Qg4 {Intending Rxh5+! and mate.} Rd8 {[#]} 28. Rxh5+ $1 {[%mdl 512]} Kg8 29. Bd4 $1 {[%mdl 512]}) 27... Kh8 (27... Kg8 {was worth a try.} 28. Nxf3 Qxc4 29. bxc4 Rb8) 28. Qe4 $18 Rd8 {[%csl Gd8][%cal Rd5d1]} 29. Qxd5 Rxd5 30. Nxf3 a4 31. Ke2 {White is clearly winning.} axb3 32. cxb3 e4 33. Nd2 Rd3 34. Rb1 Rc3 35. Nxe4 Rc2+ 36. Kd3 Ra2 37. a4 {[%cal Ba3a4,Ba4a5][%mdl 32]} Kg8 38. Nc3 Bxc3 39. Kxc3 Kf7 40. Bb6 h4 41. a5 g5 42. b4 {Precision: White = 73%, Black = 23%.} 1-0

[Event "Graz Open 2018"]
[Site "Graz"]
[Date "2018.02.23"]
[Round "9"]
[White "Viani Antonio Dcunha"]
[Black "Gumularz, Szymon"]
[Result "0-1"]
[WhiteElo "2402"]
[BlackElo "2450"]
[Annotator "TA"]
[PlyCount "104"]
[EventDate "2018.??.??"]
[EventType "swiss"]
[EventCountry "AUT"]
[SourceTitle "playchess.com"]
[Source "ChessBase"]
[SourceQuality "1"]

{[%evp 9,104,8,25,20,20,0,21,12,15,4,26,-2,0,0,0,-25,-14,-33,17,-60,-9,-30,-35,-19,2,-66,-58,-69,-27,-32,-31,-20,-41,-21,-35,-56,22,14,30,24,9,-56,-45,-38,-37,-78,0,0,0,-23,-13,-16,-10,-12,0,-29,-16,-20,-18,-56,-57,-66,-79,-57,-11,-59,-4,-84,-84,-89,-111,-178,-175,-279,-270,-270,-239,-382,-367,-376,-359,-415,-383,-572,-489,-470,-427,-5791,-6406,-11283,-10836,-6085,-6087,-5737,-5720,-5700,-5531]} 1. e4 c6 2. Nf3 d5 3. exd5 cxd5 4. Ne5 Nc6 5. d4 Nf6 6. c3 {B10: Caro-Kann: 2 d3 and 2 c4} e6 7. Bb5 (7. f4 {with more complications.} Ne4 8. g3 Bd6 9. Nd2 O-O 10. Bd3) 7... Bd7 (7... a6 {seems wilder.} 8. Bd3 Nxe5 9. dxe5 Nd7 10. f4 Qh4+) 8. Nxd7 {The position is equal.} Qxd7 9. O-O Be7 (9... Bd6 10. Nd2 O-O 11. Re1 a6 12. Bd3 e5 13. dxe5 Nxe5 {1-0 (52) Kramnik,V (2787)-Caruana,F (2811) Wijk aan Zee 2018}) 10. Qd3 $146 ({Predecessor:} 10. Bf4 Bd6 11. Be5 a6 12. Bxf6 gxf6 {1-0 (34) Piorun,K (2476)-Bures,J (2263) Wroclaw 2009}) 10... a6 11. Ba4 Qc7 $36 {[%mdl 2048] Black is pushing.} 12. Qg3 Qxg3 13. hxg3 Kd7 14. f3 (14. Nd2 $11) 14... Rhc8 ({Black should play} 14... Nh5 $15 15. Kh2 b5) 15. Nd2 b5 16. Bd1 Na5 17. b4 (17. g4 $11) 17... Nb7 $15 18. a4 bxa4 19. Bxa4+ Kd8 20. Nb3 Rxc3 21. Nc5 Nxc5 22. bxc5 e5 ({Black should try} 22... Ne8 $15) 23. dxe5 $11 Bxc5+ 24. Kh2 Nd7 25. Bc6 (25. Rd1 $11) 25... Bg1+ $1 $15 26. Rxg1 Rxc6 27. Rd1 {[#]} Nxe5 (27... Rc5 $1 $17) 28. Rxd5+ $11 Nd7 29. Bf4 Ke7 30. Re1+ Re6 31. Rb1 {[#] Hoping for Rb7.} Ra7 32. Bc1 f6 33. g4 Kf7 34. Ba3 a5 35. Rbd1 Ne5 36. Kg3 g5 37. Rb1 a4 (37... h6 $15) 38. Bc5 (38. Rd8 $1 $11 {keeps the balance.}) 38... Rd7 39. Rxd7+ Nxd7 $17 {[%mdl 4096] Endgame KRB-KRN} 40. Bd4 (40. Rb7 $17 Ke8 41. Ba3) 40... Ra6 $19 41. f4 (41. Rh1 {might work better.}) 41... gxf4+ 42. Kxf4 a3 {[%cal Ba4a3,Ba3a2][%mdl 32]} 43. g5 (43. Ke3 {is a better defense.}) 43... Ra4 44. Ke3 fxg5 45. Kd3 a2 46. Rc1 (46. Ra1 $142) 46... Ke6 {Black is clearly winning.} 47. Ba1 Kd5 48. Re1 (48. Rh1 $142) 48... Nc5+ 49. Kc3 Rc4+ 50. Kd2 Nb3+ 51. Kd3 Nxa1 52. Rxa1 Ra4 {Precision: White = 32%, Black = 60%.} 0-1

[Event "Graz Open 2018"]
[Site "Graz"]
[Date "2018.02.23"]
[Round "9"]
[White "Paszewski, Mateusz"]
[Black "Poetsch, Hagen"]
[Result "0-1"]
[WhiteElo "2289"]
[BlackElo "2484"]
[Annotator "TA"]
[PlyCount "76"]
[EventDate "2018.??.??"]
[EventType "swiss"]
[EventCountry "AUT"]
[SourceTitle "playchess.com"]
[Source "ChessBase"]
[SourceQuality "1"]

{[%evp 11,76,6,19,0,-4,0,0,0,15,0,0,-11,16,0,0,0,0,0,6,0,11,13,29,17,8,14,0,0,0,0,14,0,33,-29,29,-78,-69,-81,-88,-276,-269,-306,-307,-281,-275,-259,-260,-469,-456,-712,-495,-589,-576,-684,-586,-753,-700,-730,-787,-1009,-972,-987,-985,-1410,-1398,-1616,-1435]} 1. c4 e6 2. Nf3 d5 3. e3 Nf6 4. b3 b6 5. Bb2 Bb7 6. Nc3 {A13: English Opening: 1...e6} a6 {LiveBook: 11 Games} 7. Qc2 $146 ({Find the theoretical novelty and annotate with similar games:} 7. cxd5 exd5 8. d4 Bd6 9. g3 O-O 10. Bg2 Nbd7 11. O-O Qe7 12. a4 Ne4 13. Ne2 a5 {½-½ (22) Karjakin,S (2785)-So,W (2808) Wijk aan Zee 2017}) 7... c5 8. cxd5 {The position is equal.} exd5 9. d4 Nbd7 10. a3 Rc8 11. Bd3 c4 12. bxc4 dxc4 13. Bf5 g6 14. Bh3 Bg7 15. O-O O-O 16. e4 {[%cal Be3e4,Be4e5][%mdl 32]} Nh5 {[#] aiming for ...Nf4.} 17. Bc1 f5 18. Ng5 {[%cal Re4f5]} Qf6 19. e5 Qe7 {Threatens to win with ...h6.} 20. f4 Bh6 $1 21. g3 b5 22. Be3 (22. Bg2 $14 Bxg2 23. Qxg2) 22... Nb6 (22... Ndf6 $142) 23. Qd2 (23. Bg2 $11) 23... Nd5 $17 24. Nxd5 Bxd5 25. g4 $2 {[#]} (25. Nf3 $17 {keeps fighting.}) 25... c3 $19 26. Qc1 Ng7 {[%cal Bh5g7,Bg7f5,Bf5h4][%mdl 32]} 27. Qc2 fxg4 28. Bxg4 Nf5 29. Qf2 $2 (29. Bxf5 {is the only way for White.} Rxf5 30. h4) 29... a5 {Black is clearly winning.} 30. Bf3 (30. Bc1 $142 Bxg5 31. fxg5) 30... Qd7 31. h4 Bxf3 32. Qxf3 Nxh4 33. Qg3 Nf5 34. Qh3 Qd5 35. Rae1 b4 36. axb4 axb4 {[%cal Ba5b4,Bb4b3][%mdl 32]} 37. Bf2 Bxg5 38. fxg5 b3 {Precision: White = 20%, Black = 67%.} 0-1